00549cam a22002171 4500001001300000003000400013005001700017008004100034010001700075035002000092040001800112042001200130050001800142100003500160245002800195260001000223300002200233500001500255650004400270999001700314sa 68019336 DLC20260227112717.0890804s1966 ii 000 0 sndr  asa 68019336  a(OCoLC)20127821 aDLCcWaUdDLC apremarc00aDS380.S53bD40 aDeepchandra Tilokchand,d1909-10aSindhī sūnhārā. c1966. a8, 108 p.c18 cm. aIn Sindhi. 0aSindhi (South Asian people)vBiography. c88860d88860